|
|
|
|
| LEADER |
00929pam a22002658a 4500 |
| 001 |
00025089 |
| 005 |
20171026081023.0 |
| 008 |
110730s1982 ||||||viesd |
| 041 |
0 |
# |
|a vie
|
| 082 |
1 |
4 |
|a 883
|b Ô450Đ
|
| 100 |
1 |
# |
|a Hômerơ
|
| 245 |
1 |
0 |
|a Ôđyxê
|c Hômerơ ; Phan Thị Miến dịch ; Hoàng Thiếu Sơn giới thiệu
|
| 260 |
# |
# |
|a H.
|b Văn học,
|c 1982
|
| 300 |
# |
# |
|a 147tr.
|c 19cm
|
| 490 |
# |
# |
|a Tủ sách văn học mọi nhà. Văn học nước ngoài
|
| 650 |
# |
4 |
|a Hy lạp
|
| 650 |
# |
4 |
|a Văn học cổ điển
|
| 650 |
# |
4 |
|a Trường ca
|
| 700 |
1 |
# |
|a Phan Thị Miến
|e dịch
|
| 700 |
1 |
# |
|e giới thiệu
|a Hoàng Thiếu Sơn
|
| 852 |
# |
# |
|b Kho mượn
|j KM.0011409
|
| 852 |
# |
# |
|j KM.0011409
|j KD.0001247
|
| 852 |
# |
# |
|b Kho đọc
|j KD.0001247
|
| 910 |
|
|
|d 30/07/2011
|
| 980 |
# |
# |
|a Trung tâm Học liệu Lê Vũ Hùng, Trường Đại học Đồng Tháp
|